书目信息 |
| 题名: |
俄汉翻译教程
|
|
| 作者: | 郑泽生 , 郑泽生 , 耿龙明 , 陈恩冬 编 | |
| 分册: | 上册 | |
| 出版信息: | 上海 上海外语教育出版社 1981-1984 |
|
| 页数: | 130页 | |
| 开本: | 21cm | |
| 丛书名: | ||
| 单 册: | ||
| 中图分类: | H355.9 | |
| 科图分类: | ||
| 主题词: | 俄语-翻译--高等学校--教材 , 翻译-俄语--高等学校--教材 | |
| 电子资源: | ||
| ISBN: | ||
| 000 | 00921nam0 2200313 45 | |
| 001 | 0181005480 | |
| 005 | 20040510174853.6 | |
| 010 | @dCNY0.49 | |
| 091 | @a7218.022 | |
| 100 | @a19950425f19811984em y0chiy0121 ea | |
| 101 | 0 | @achi@arus |
| 102 | @aCN@b310000 | |
| 105 | @ay z 000yy | |
| 106 | @ar | |
| 200 | 10 | @a俄汉翻译教程@h上册@Ae han fan yi jiao cheng@f郑泽生,耿龙明,陈恩冬等编著@FZheng Ze Sheng,Geng Long Ming,Chen En Dong Deng Bian Zhu |
| 210 | @a上海@c上海外语教育出版社@d1981-1984 | |
| 215 | @a130页@d21cm | |
| 300 | @a高等学校教材 | |
| 300 | @a附俄汉译音表 | |
| 606 | @a俄语-翻译@x高等学校@x教材 | |
| 606 | @a翻译-俄语@x高等学校@x教材 | |
| 690 | @aH355.9@v3 | |
| 701 | 0 | @a郑泽生@Azheng ze sheng@4编 |
| 701 | 0 | @a郑泽生@4编著 |
| 701 | 0 | @a耿龙明@4编著 |
| 701 | 0 | @a陈恩冬@4编著 |
| 801 | 0 | @aCN@b上海图书馆@c20040510 |
| 801 | 2 | @aCN@bNLC@c20040510 |
| 905 | @f2@b56610-611@dH355.9@e230 | |
| 俄汉翻译教程.上册/郑泽生,耿龙明,陈恩冬等编著.-上海:上海外语教育出版社,1981-1984 |
| 130页;21cm |
| 高等学校教材.-附俄汉译音表 |
| ISBN :CNY0.49 |
| ● |
| 相关链接 |
|
|
|
|
正题名:俄汉翻译教程
索取号:H355.9/230
 
预约/预借
| 序号 | 登录号 | 条形码 | 馆藏地/架位号 | 状态 | 备注 |
| 1 | 0056610 | 001061086 | 第四借阅区/ [索取号:H355.9/230] | 在馆 | |
| 2 | 0056611 | 001061077 | 第四借阅区/ [索取号:H355.9/230] | 在馆 |